| 000 | 00475nam a22001817a 4500 | ||
|---|---|---|---|
| 003 | CEME | ||
| 005 | 20210628202554.0 | ||
| 008 | 210119b xxu||||| |||| 00| 0 eng d | ||
| 020 | _a0-394-58443-0 | ||
| 040 | _cceme | ||
| 082 | _a303.4909 KEN | ||
| 100 |
_aKennedy, Paul _918409 |
||
| 245 | _aPreparing for the twenty first century | ||
| 260 |
_aNEW YORK _bPAF BOOK CLUB _c2005 |
||
| 300 | _aXI,429 P | ||
| 650 |
_aUS HISTORY.US FOREIGN POLICY _960544 |
||
| 942 |
_cBK _2ddc |
||
| 999 |
_c570245 _d570245 |
||